Welcome to CU Library Online Public Access Catalogue (OPAC)

Basics of Biblical Hebrew grammar / (Record no. 1964)

MARC details
000 -LEADER
fixed length control field 00881cam a22002294a 4500
001 - CONTROL NUMBER
control field 12366086
005 - DATE AND TIME OF LATEST TRANSACTION
control field 20241205103502.0
008 - FIXED-LENGTH DATA ELEMENTS--GENERAL INFORMATION
fixed length control field 010402s2001 miu 001 0 eng
020 ## - INTERNATIONAL STANDARD BOOK NUMBER
International Standard Book Number 0310237602 (alk. paper)
050 00 - LIBRARY OF CONGRESS CALL NUMBER
Classification number PJ4567.3
Item number .P73 PRA 2001
082 00 - DEWEY DECIMAL CLASSIFICATION NUMBER
Classification number 492.4/82421
Edition information 21
100 1# - MAIN ENTRY--PERSONAL NAME
Personal name Pratico, Gary Davis.
245 10 - TITLE STATEMENT
Title Basics of Biblical Hebrew grammar /
Statement of responsibility, etc. Gary D. Pratico, Miles V. Van Pelt.
260 ## - PUBLICATION, DISTRIBUTION, ETC.
Place of publication, distribution, etc. Grand Rapids, Mich. :
Name of publisher, distributor, etc. Zondervan,
Date of publication, distribution, etc. c2001.
300 ## - PHYSICAL DESCRIPTION
Extent xiii, 476 p. ;
Dimensions 24 cm. +
Accompanying material 1 computer optical disc (4 3/4 in.)
500 ## - GENERAL NOTE
General note Includes index.
650 #0 - SUBJECT ADDED ENTRY--TOPICAL TERM
Topical term or geographic name entry element Hebrew language
General subdivision Grammar.
700 1# - ADDED ENTRY--PERSONAL NAME
Personal name Van Pelt, Miles V.,
Dates associated with a name 1969-
856 42 - ELECTRONIC LOCATION AND ACCESS
Materials specified Publisher description
Uniform Resource Identifier <a href="http://www.loc.gov/catdir/enhancements/fy0633/2001026163-d.html">http://www.loc.gov/catdir/enhancements/fy0633/2001026163-d.html</a>
856 41 - ELECTRONIC LOCATION AND ACCESS
Materials specified Table of contents only
Uniform Resource Identifier <a href="http://www.loc.gov/catdir/enhancements/fy0745/2001026163-t.html">http://www.loc.gov/catdir/enhancements/fy0745/2001026163-t.html</a>
942 ## - ADDED ENTRY ELEMENTS (KOHA)
Source of classification or shelving scheme Library of Congress Classification
Koha item type Books
Suppress in OPAC No
999 ## -
-- 1964
-- 1964
Holdings
Withdrawn status Lost status Source of classification or shelving scheme Damaged status Not for loan Collection Home library Current library Shelving location Date acquired Total checkouts Full call number Barcode Date last seen Copy number Price effective from Koha item type
    Library of Congress Classification     Reference Undergraduate Library (Christ Temple) Undergraduate Library (Christ Temple) General stacks 12/05/2024   PJ4567.3 PRA ulct00000512 12/05/2024 1 12/05/2024 Books
© 2023-2024 Copyright: Central University Libraries. All Rights Reserved | Created by: Mahone Tech Office